[Event "HUN-chT2 Toth 1314"]
[Site "Hungary"]
[Date "2014.03.02"]
[Round "8.9"]
[White "Abraham, Lajos"]
[Black "Szel, Alexandru"]
[Result "1-0"]
[WhiteElo "1818"]
[BlackElo "1716"]
[PlyCount "149"]
[EventDate "2013.09.08"]
[EventType "team-tourn"]
[EventRounds "11"]
[EventCountry "HUN"]
[SourceTitle "EXT 2016"]
[Source "ChessBase"]
[SourceDate "2015.10.08"]
[SourceVersion "1"]
[SourceVersionDate "2015.10.08"]
[SourceQuality "1"]
[WhiteTeam "Roszke"]
[BlackTeam "Csongrad Felegyhaza"]
[WhiteTeamCountry "HUN"]
[BlackTeamCountry "HUN"]

1. c4 e5 2. Nc3 Nf6 3. Nf3 d6 4. e4 c5 5. d3 Nc6 6. Bg5 Be7 7. a3 h6 8. Bd2 0-0 9. Be2 a6 10. 0-0 Rb8 11. Nd5 b5 12. cxb5 axb5 13. Qc2 Be6 14. Nxe7+ Qxe7 15. b4 Rfc8 16. Rfb1 cxb4 17. axb4 Nd4 18. Qd1 Nc2 19. Ra5 Nd4 20. Nxd4 exd4 21. f4 Bd7 22. Rc1 Qd8 23. Bf3 Qb6 24. Kf1 Bc6 25. Raa1 Nd7 26. Qb3 Nf6 27. Rc2 Bb7 28. Rac1 Rxc2 29. Rxc2 Rc8 30. Rxc8+ Bxc8 31. h3 Be6 32. Qc2 Qa6 33. Ke2 Nd7 34. Qc7 Nf6 35. Qa5 Bc8 36. Qd8+ Kh7 37. Qe7 Be6 38. Qc7 Ne8 39. Qc1 Bd7 40. g4 f6 41. Qg1 Qc8 42. Qxd4 Qc7 43. h4 Qd8 44. f5 Qe7 45. Bf4 Bc6 46. Kf2 Bd7 47. Qe3 Qf7 48. Qd2 g5 49. fxg6+ Qxg6 50. Qe2 Qg7 51. Qe3 Bxg4 52. Bxh6 Qg6 53. Bf4 Qh5 54. Bxg4 Qxg4 55. Qg3 Qe6 56. h5 Qf7 57. Qg4 Ng7 58. Qg6+ Qxg6 59. hxg6+ Kxg6 60. Bxd6 Kf7 61. d4 Ke6 62. Bb8 Ne8 63. Ke3 Ng7 64. d5+ Kd7 65. Kd4 Kc8 66. Bh2 Kb7 67. Kc5 Ka6 68. Kd6 f5 69. Be5 Ne8+ 70. Kd7 Nc7 71. Kxc7 fxe4 72. d6 e3 73. d7 e2 74. d8Q e1Q 75. Qa8# 1-0

[Event "HUN-chT2 Toth 1314"]
[Site "Hungary"]
[Date "2013.11.03"]
[Round "4.10"]
[White "Szel, Alexandru"]
[Black "Varga, Tamas"]
[Result "1/2-1/2"]
[WhiteElo "1716"]
[BlackElo "1853"]
[PlyCount "100"]
[EventDate "2013.09.08"]
[EventType "team-tourn"]
[EventRounds "11"]
[EventCountry "HUN"]
[SourceTitle "EXT 2016"]
[Source "ChessBase"]
[SourceDate "2015.10.08"]
[SourceVersion "1"]
[SourceVersionDate "2015.10.08"]
[SourceQuality "1"]
[WhiteTeam "Csongrad Felegyhaza"]
[BlackTeam "Bekes"]
[WhiteTeamCountry "HUN"]
[BlackTeamCountry "HUN"]

1. d4 Nf6 2. c4 g6 3. Nc3 d5 4. e3 Bg7 5. Qb3 c6 6. Nf3 0-0 7. Be2 e6 8. 0-0 Ne4 9. Nxe4 dxe4 10. Nd2 f5 11. f3 exf3 12. Nxf3 Nd7 13. Bd2 Re8 14. Bc3 b6 15. Ne5 Nxe5 16. dxe5 Qc7 17. Bf3 Bb7 18. Rad1 Rad8 19. Rxd8 Rxd8 20. Rd1 Kf7 21. Rxd8 Qxd8 22. Qd1 Qxd1+ 23. Bxd1 c5 24. Kf2 Be4 25. a3 g5 26. g3 Kg6 27. Bf3 Bd3 28. Be2 Bc2 29. Bf3 Bb3 30. Be2 g4 31. Bd3 Bd1 32. e4 Ba4 33. exf5+ exf5 34. e6 Bxc3 35. bxc3 Kf6 36. e7 Bd7 37. Ke3 Kxe7 38. Kf4 Kf6 39. Bc2 Bc8 40. Bd3 Be6 41. Be2 h6 42. Bd3 Bd7 43. Be2 Be6 44. Bd3 a6 45. Be2 Bd7 46. Bd3 b5 47. cxb5 axb5 48. Bc2 Bc8 49. Bd3 Bd7 50. Bc2 c4 1/2-1/2

[Event "Deva tt"]
[Site "Deva"]
[Date "1999.??.??"]
[Round "?"]
[White "Serdean, Pavel Dorin"]
[Black "Szel, Alexandru"]
[Result "1-0"]
[WhiteElo "2225"]
[BlackElo "2030"]
[PlyCount "69"]
[EventDate "1999.07.??"]
[EventType "team"]
[EventRounds "9"]
[EventCountry "ROU"]
[SourceTitle "EXT 2004"]
[Source "ChessBase"]
[SourceDate "2003.11.25"]
[SourceVersion "1"]
[SourceVersionDate "2003.11.25"]
[SourceQuality "1"]

1. d4 Nf6 2. Nf3 e6 3. Bg5 c5 4. e3 b6 5. Nbd2 Be7 6. Bd3 Bb7 7. 0-0 0-0 8. c3 d6 9. Qe2 Nbd7 10. e4 e5 11. dxe5 dxe5 12. Rfd1 h6 13. Bh4 Nh5 14. Bxe7 Qxe7 15. g3 Rfd8 16. a4 g6 17. Nc4 Nhf6 18. Ne1 Nf8 19. f3 g5 20. Ne3 Ng6 21. Nf5 Qf8 22. Ng2 Ne7 23. Nxe7+ Qxe7 24. Ne3 Bc8 25. Bc4 Be6 26. a5 Qc7 27. Bxe6 fxe6 28. Qc4 Kf7 29. Nf5 Ng8 30. axb6 axb6 31. Rxa8 Rxa8 32. Rd6 Re8 33. Qd3 Kf6 34. Ne3 h5 35. Nd5+ 1-0